Представление документа в формате MARC21

Поле Инд. ПП Название Значение
Тип записи a
Библиографический уровень m
001 Контрольный номер 34c22b46-d01e-4b42-8dcf-fbaac88d70c9
005 Дата корректировки 20140703115140.5
008 Кодируемые данные 070504
020 c Цена, тираж б/ц
040 a Служба первич. каталог. НБ ТвГУ
041 a Код языка текста rus
080 a Индекс УДК 340.12(470)(091)(043.3)
080 a Индекс УДК 1(470)(091)
080 a Индекс УДК 929Соловьев
084 a Индекс другой классификации/Индекс ББК Х1(2)5я031
084 a Индекс другой классификации/Индекс ББК Ю3(2)51я031
090 a Полочн. индекс Х1(2)5
x Авторский знак П 75
100 1_ a Автор Прибыткова Елена Анатольевна
q Полное имя Прибыткова Е. А.
245 10 a Заглавие Философия права Владимира Сергеевича Соловьева
b Продолж. заглавия автореф. дис. ... канд. юрид. наук : 12.00.01
c Ответственность Рос. Акад. наук, Ин-т государства и права, Сектор истории государства, права и полит. учений
260 0_ a Место издания Москва
c Дата издания 2007
300 a Объем 29 с.
500 a Примечание На правах рукоп.
504 a Библиография Библиогр. в конце кн. и в подстроч. примеч.
583 a Действие Получение впервые 102 07.05.2007
653 a Ключевые слова 19 в.
a Ключевые слова Авторефераты
a Ключевые слова История правовых учений
a Ключевые слова Право
a Ключевые слова Правовые учения
a Ключевые слова Русские правовые учения
a Ключевые слова Соловьев, Владимир Сергеевич, о нем
a Ключевые слова Философия права
852 t Порядковый номер экземпляра 1
p Инвентарный номер б/н
888 a Бесплатные
920 a Оператор Густ
930 a Новая/Ретро авторефераты
a Новая/Ретро персоналии
952 p 102.2007 б/ц 1 б/н
c Вид литературы А/Р н
954 a Дата поступления на обработку 20101007
999 a Подразделение 2 Фил1